| 000 | 00760nam a2200217 a 4500 | ||
|---|---|---|---|
| 005 | 20140412111224.0 | ||
| 008 | 001121s19uu xx 00 eng d | ||
| 050 |
_aTR(GS 030 _bL41 1994 |
||
| 100 | _aFelicia, Law | ||
| 245 |
_aLearn about texture / _cstory by Felicia Law; illustrations by Steve Smallman, Shirley Tourret. |
||
| 260 |
_aUK : _bWorld Book International. |
||
| 300 | _a1 v. (unp.) ; ill. | ||
| 440 | _aEarly world of learning-Poldy | ||
| 500 | _aPoldy | ||
| 520 | _aPoldy and his friends visit Signora Pittipatti's restaurant. Here, they feast on selection of leftover food whic Signora Pittipatti offers them. | ||
| 650 | _aSenses--Ficntion | ||
| 650 | _aChildren stories | ||
| 999 |
_c102002 _d102002 |
||